Медленная релаксация систем металл-водород; Известия Российской академии наук. Серия физическая; Т. 68, № 3

Detaylı Bibliyografya
Parent link:Известия Российской академии наук. Серия физическая/ Российская академия наук.— , 1992-.— 0367-6765
Т. 68, № 3.— 2004.— С. 421-423
Diğer Yazarlar: Чернов И. П. Иван Петрович, Никитенков Н. Н. Николай Николаевич, Тюрин Ю. И. Юрий Иванович, Семенов А. М., Крёнинг Х. М. В. А. Ханс Михаэль Вильхельм (Вильгельм) Адольф, Баумбах Х.
Özet:Методом послойной масс-спектрометрии вторичных ионов изучены изменения в тонкопленочной системе Ti/Al - водород в ситуации, когда система длительное время (2 мес.) после насыщения переходит в состояние термодинамического равновесия при комнатной температуре. Обнаружено, что в процессе медленной релаксации продолжается формирование химических соединений в области пленка-подложка и наблюдается восстановление титана в электролизной пленке.
Dil:Rusça
Baskı/Yayın Bilgisi: 2004
Konular:
Materyal Türü: Kitap Bölümü
KOHA link:https://koha.lib.tpu.ru/cgi-bin/koha/opac-detail.pl?biblionumber=491054

MARC

LEADER 00000naa2a2200000 4500
001 491054
005 20250917071652.0
035 |a (RuTPU)RU\TPU\prd\159996 
090 |a 491054 
100 |a 20121122a2004 k y0rusy50 ca 
101 0 |a rus 
102 |a RU 
200 1 |a Медленная релаксация систем металл-водород  |f И. П. Чернов [и др.] 
330 |a Методом послойной масс-спектрометрии вторичных ионов изучены изменения в тонкопленочной системе Ti/Al - водород в ситуации, когда система длительное время (2 мес.) после насыщения переходит в состояние термодинамического равновесия при комнатной температуре. Обнаружено, что в процессе медленной релаксации продолжается формирование химических соединений в области пленка-подложка и наблюдается восстановление титана в электролизной пленке. 
461 1 |0 (RuTPU)RU\TPU\prd\650  |x 0367-6765  |t Известия Российской академии наук. Серия физическая  |f Российская академия наук  |d 1992- 
463 1 |0 (RuTPU)RU\TPU\prd\79446  |t Т. 68, № 3  |v С. 421-423  |d 2004 
610 1 |a труды учёных ТПУ 
701 1 |a Чернов  |b И. П.  |c физик  |c профессор Томского политехнического университета, доктор физико-математических наук  |f 1935-2025  |g Иван Петрович  |x TPU  |y Томск  |3 (RuTPU)RU\TPU\pers\12909  |9 3694 
701 1 |a Никитенков  |b Н. Н.  |c российский физик  |c профессор Томского политехнического университета, доктор физико-математических наук  |f 1953-  |g Николай Николаевич  |3 (RuTPU)RU\TPU\pers\25364 
701 1 |a Тюрин  |b Ю. И.  |c физик  |c профессор Томского политехнического университета, доктор физико-математических наук  |f 1950-  |g Юрий Иванович  |3 (RuTPU)RU\TPU\pers\19873  |9 7810 
701 1 |a Семенов  |b А. М. 
701 1 |a Крёнинг  |b Х. М. В. А.  |c немецкий специалист в области неразрушающего контроля  |c ведущий научный сотрудник Томского политехнического университета  |f 1944-  |g Ханс Михаэль Вильхельм (Вильгельм) Адольф  |3 (RuTPU)RU\TPU\pers\36262 
701 1 |a Баумбах  |b Х. 
801 1 |a RU  |b 63413507  |c 20121122 
801 2 |a RU  |b 63413507  |c 20191022  |g RCR 
942 |c BK